| 000 | 00571nam a2200157Ia 4500 | ||
|---|---|---|---|
| 008 | 180901s9999 xx 000 0 und d | ||
| 020 | _a9780323375108 | ||
| 100 | _aBushong,Stewart Carlyle. | ||
| 245 |
_cStewart Carlyle Bushong.-- _aworkbook for radiologic science for technologists : _bphysics,biology, and protection / |
||
| 250 | _a11th ed | ||
| 260 |
_aUSA : _bElsevier _c2017 |
||
| 300 |
_axv, 665 pages : _billustrations. |
||
| 500 | _aIncludes bibliographic reference and index. | ||
| 650 | _aMedical radiology -- Safety measures. | ||
| 650 | _aMedical radiology. | ||
| 999 |
_c358521 _d358521 |
||